<?xml version="1.0" encoding="utf-8"?>
<?xml-stylesheet type='text/xsl' href='./oai2.xsl'?>
<OAI-PMH xmlns="http://www.openarchives.org/OAI/2.0/" xmlns:xsi="http://www.w3.org/2001/XMLSchema-instance" xsi:schemaLocation="http://www.openarchives.org/OAI/2.0/ http://www.openarchives.org/OAI/2.0/OAI-PMH.xsd">
  <responseDate>2026-06-06T20:10:17Z</responseDate>
  <request verb="GetRecord" metadataPrefix="marcxml" identifier="record_kuniweb_592678">https://kulturerbe.niedersachsen.de/oai</request>
  <GetRecord>
    <record>
      <header>
        <identifier>record_kuniweb_592678</identifier>
        <datestamp>2025-08-28T09:38:22Z</datestamp>
        <setSpec>slg0217</setSpec>
      </header>
      <metadata>
        <marc:record xmlns:marc="http://www.loc.gov/MARC21/slim" xsi:schemaLocation="http://www.loc.gov/MARC21/slim http://www.loc.gov/standards/marcxml/schema/MARC21slim.xsd">
          <marc:leader>12345nkm  22     uu 4500</marc:leader>
          <marc:controlfield tag="001">592678</marc:controlfield>
          <marc:controlfield tag="003">http://kuniweb.gbv.de</marc:controlfield>
          <marc:controlfield tag="005">2021-08-30T18:46:02</marc:controlfield>
          <marc:controlfield tag="008">|           ||||||||||||||||||||||</marc:controlfield>
          <marc:datafield tag="245" ind1="1" ind2="0">
            <marc:subfield code="a">Konisches Rädervorgelege für Schnecken mit 350 mm (Gewinde-) Durchmesser für das Gipswerk E. Rothschild in Stadtoldendorf, 1908</marc:subfield>
          </marc:datafield>
          <marc:datafield tag="655" ind1=" " ind2="7">
            <marc:subfield code="a">Grafik</marc:subfield>
          </marc:datafield>
          <marc:datafield tag="046" ind1=" " ind2=" ">
            <marc:subfield code="k">1908-05-04</marc:subfield>
            <marc:subfield code="k">04.05.1908</marc:subfield>
          </marc:datafield>
          <marc:datafield tag="260" ind1=" " ind2=" ">
            <marc:subfield code="g">1908-05-04</marc:subfield>
            <marc:subfield code="g">04.05.1908</marc:subfield>
          </marc:datafield>
          <marc:datafield tag="520" ind1=" " ind2=" ">
            <marc:subfield code="a">Zeichnung – schwarz-weiß      
Herstellungsort – Königshütte, Bad Lauterberg

Auftraggeber und Standort:
Gipswerk E. Rothschild, Stadtoldendorf

Anmerkung:
1885 war in Stadtoldendorf eine größere jüdische Gemeinde ansässig, die Unternehmen der Gips-, Sandstein- sowie Webindustrie begründeten. Am 1. Februar 1898 gründete die Firma A.J. Rothschild und Söhne die älteste Werkfeuerwehr für ihre Weberei.
Ephraim Rothschild, geboren 1809 gestorben am 30. Januar 1901 im Alter von 92 Jahren in Stadtoldendorf, war eine prägende Figur für das Leben in der Homburgstadt.
Außerdem setzte er sich -  zusammen mit dem damaligen Bürgermeister – für den Bau der Eisenbahnstrecke von Kreiensen nach Holzminden ein.

 (Förderkreis Königshütte Bad Lauterberg e.V)

Maßstab: 1 zu 1</marc:subfield>
          </marc:datafield>
          <marc:datafield tag="650" ind1="1" ind2=" ">
            <marc:subfield code="a">Mühlenwirtschaft</marc:subfield>
          </marc:datafield>
          <marc:datafield tag="650" ind1="1" ind2=" ">
            <marc:subfield code="a">Grafik, Fotografie &gt; Zeichnung</marc:subfield>
          </marc:datafield>
          <marc:datafield tag="650" ind1="1" ind2=" ">
            <marc:subfield code="a">Hilfsgerät (Müller)</marc:subfield>
          </marc:datafield>
          <marc:datafield tag="650" ind1="1" ind2=" ">
            <marc:subfield code="a">Stadtoldendorf (Eschershausen-Stadtoldendorf, Holzminden, Niedersachsen)</marc:subfield>
          </marc:datafield>
          <marc:datafield tag="773" ind1="0" ind2=" ">
            <marc:subfield code="t">Maschinenelemente, Zubehör und Werkzeuge</marc:subfield>
          </marc:datafield>
          <marc:datafield tag="852" ind1=" " ind2=" ">
            <marc:subfield code="a">Industriedenkmal Königshütte Bad Lauterberg im Harz</marc:subfield>
          </marc:datafield>
          <marc:datafield tag="" ind1=" " ind2=" ">
            <marc:subfield code="a">Namensnennung - Nicht kommerziell - Keine Bearbeitungen 4.0 International (CC BY-NC-ND 4.0)</marc:subfield>
          </marc:datafield>
        </marc:record>
      </metadata>
    </record>
  </GetRecord>
</OAI-PMH>
